000 00657cab a2200229 4500
001 WB2902-14
008 090401t1993 xxu||||| |||| 00| 0 eng d
035 _a(Sirsi) u25432
041 _aeng
100 _aWhite, P.
245 _aManaging property costs
260 _c1993
350 _a0
490 _aCSW - The Property Week
_v42(2) 14 January 1993, 45(1)
520 _aDiscusses how occupation costs can be managed as effectively as other fixed costs.
650 _aFACILITIES MANAGEMENT
_96240
650 _aOCCUPANCY COSTS
650 _aPREMISES MANAGEMENT
690 _aPROPERTY-COMMERCIAL PROPERTY
942 _n0
948 _c04/03/1997
999 _c17078
_d17078